000
00282nam a22001217a 4500
999
_c
529727
_d
529727
003
NUST
038
_a
MSOHAIL
082
_a
0
100
_a
David K. Witheford
_9
22354
245
_a
Consultants for DOT Preconstruction Engineering Work
300
_a
116,p;
_c
28cm
942
_2
ddc
_c
BK